LEADER 01653nam a2200289 i 4500 001 000000226105 003 CaOOAMICUS 005 20211108145503.0 008 140107s1794 it u000 u mul u 013 $a205007 040 $aSeMil$bita 100 0 $aTheophrastus,$d.$0(OLS)http://semarc/name/9500 245 10$aTheophrastou tou Eresiou Charakt¢eres ethikoi Charakt¢eres ethikoi /$c[Casaubono interprete]. 246 01$aTheophrasti Eresii Characteres ethici [Casaubono interprete] 260 $aParmae :$bIn Aedibus palatinis, Typis Bodonianis,$c1794. 300 $a[18], 48, [7], 57, [3] p. ;$c4°. 500 $aTitolo traslitetterato dal greco. - Mutilo del front. generale e delle pp. [1-10]. - La Traduzione in latino inizia con front. proprio. - L'Ed. G.B. Bodoni ha inserito nel testo le correzioni proposte da I. Casaubon nel suo commentario. - Completamento catalogazione da Amicus (Canada). - Impronta non rilevabile. 700 1 $aCasaubon, Isaac,$d<1559-1614>.$0(OLS)http://semarc/name/11711 700 1 $aBodoni, Giambattista,$c.$0(OLS)http://semarc/name/90151 850 $aSeMil 852 $aSeMil$W1$xVenegono$y1$m2Q VI 9 FA$j176451$B176451$CSeMilBibl$Z2$F186978 $8I 900 0 $aTeofrasto. 996 $6245$aTheophrastou tou Eresiou Charakt¢eres ethikoi Charakt¢eres ethikoi$9(OLS)http://semarc/title/323774 996 $6246$aTheophrasti Eresii Characteres ethici [Casaubono interprete]$9(OLS)http://semarc/title/323775 996 $6260$aParmae :$bIn Aedibus palatinis, Typis Bodonianis$9(OLS)http://semarc/publisher/53454 LEADER 00909nam a2200193 i 4500 001 000000226108 003 CaOOAMICUS 005 20140107000000.0 008 140107s1741 it u000 u fre u 013 $a205010 026 $aesu- s.l- esui Etqu (3) 1741 (R) 040 $aSeMil$bita 245 10$aA-B. 300 $a[2], CXVI, 719, [1] p. 500 $aFront. stampato in rosso e nero con vignetta calcografica. - Iniziali, fregi xilogr. - Segn. : pigreco1 a-c2 c*2 d-q4 A-4X4. 773 0 $aBayle, Pierre <1647-1706>$tDictionnaire historique et critique, par Mr. Pierre Bayle. Tome 1. [-4.].$bSixième édition, revue, corrigée, et augmentée. Avec la vie de l'auteur, par Mr. Des Maizeaux$dA Basle : Chez Jean Louis Brandmuller, 1741.$g1$w()29324 850 $aSeMil 852 $aSeMil$W1$xVenegono$y1$m2Q VI 13 FA$j176454$B176454$CSeMilBibl$Z2$F186981 $8I 996 $6245$aA-B$9(OLS)http://semarc/title/64430